Visualizzazione normale
Vista MARC
- Jarrett Keith
di Personal Name
Records bibliografici associati: 1
001 - CONTROL NUMBER
- control field: 24298
003 - CONTROL NUMBER IDENTIFIER
- control field: IT-RoPau
005 - DATE AND TIME OF LATEST TRANSACTION
- control field: 20140506170440.0
008 - FIXED-LENGTH DATA ELEMENTS
- fixed length control field: 140506|| aca||aabn | a|a d
040 ## - CATALOGING SOURCE
- Original cataloging agency: IT-RoPau
- Transcribing agency: IT-RoPau
100 ## - HEADING--PERSONAL NAME
- Personal name: Jarrett Keith
- Miscellaneous information: Codice interprete SPICS: 11614
- Relator term: Interprete
670 ## - SOURCE DATA FOUND
- Source citation: Work cat.: (IT-RoPau)100232: Bach Johann Sebastian 24295, Das Wohltemperierte Klavier Buch 1 (2 Lp Ecm 835 246)